Niên giám thống kê quận Ô Môn năm 2005

Na minha lista:
Detalhes bibliográficos
Autor Corporativo: Cục Thống kê thành phố Cần Thơ
Formato: Livro
Idioma:Undetermined
Publicado em: Cần Thơ Cục Thống kê thành phố Cần Thơ 2006
Assuntos:
Tags: Adicionar Tag
Sem tags, seja o primeiro a adicionar uma tag!
Thư viện lưu trữ: Trung tâm Học liệu Trường Đại học Cần Thơ
LEADER 00688nam a2200205Ia 4500
001 CTU_104370
008 210402s9999 xx 000 0 und d
020 |c 62500 
082 |a 315.9793 
082 |b C506/2005 
110 |a Cục Thống kê thành phố Cần Thơ 
245 0 |a Niên giám thống kê quận Ô Môn năm 2005 
245 0 |c Cục Thống kê thành phố Cần Thơ 
260 |a Cần Thơ 
260 |b Cục Thống kê thành phố Cần Thơ 
260 |c 2006 
650 |a Statistics,Statistics 
650 |z Vietnam,Cantho province 
904 |i Bằng 
980 |a Trung tâm Học liệu Trường Đại học Cần Thơ